Statistics for Top 10 Busiest Airports in Africa

Click here to take the quiz!

General Stats

  • This quiz has been taken 1,191 times
    (1,115 since last reset)
  • The average score is 9 of 10

Answer Stats

PassengersAnswer% Correct
16,400,000Cairo
99%
10,100,000Cape Town
96%
6,700,000Lagos
95%
20,700,000Johannesburg
92%
7,100,000Nairobi
90%
7,200,000Algiers
83%
8,600,000Casablanca
82%
8,900,000Addis Ababa
80%
4,900,000Tunis
80%
5,200,000Durban
59%

Score Distribution

Percentile by Number Answered

Percent of People with Each Score

Your Score History

You have not taken this quiz since the last reset